Top 30 JAY-Z Songs - Statistics

General Stats
  • This quiz has been taken 15 times
  • The average score is 16 of 30
Answer Stats
# Song Rating % Correct
5. 99 Problems 96
91%
4. Empire State of Mind 96
91%
2. 4:44 97
82%
19. Dirt Off Your Shoulder 92
82%
12. Encore 93
82%
8. Song Cry 94
82%
9. The Story of O.J. 94
82%
17. Izzo (H.O.V.A.) 92
73%
28. Otis 90
73%
10. Renegade 93
73%
1. Dead Presidents II 97
64%
3. Heart of the City (Ain't No Love) 96
64%
21. N*ggas in Paris 92
64%
24. No Church in the Wild 91
64%
11. December 4th 93
55%
13. Never Change 93
55%
22. Takeover 92
55%
7. D'evils 94
45%
18. Lucifer 92
45%
30. U Don't Know 90
45%
6. Brooklyn's Finest 95
36%
26. Can't Knock the Hustle 90
36%
14. Feelin' It 93
36%
20. Public Service Announcement 92
36%
27. The Ruler's Back 90
36%
25. My 1st Song 91
27%
23. Politics as Usual 91
18%
29. Regrets 90
18%
16. Roc Boys (And The Winner Is)... 93
18%
15. 7 Minute Freestyle 93
0%
No matching quizzes found
Score Distribution
Percent of People with Each Score
Percentile by Number Answered
Your Score History
You have not taken this quiz